The Pakistani paradox: (Record no. 141066)

MARC details
000 -LEADER
fixed length control field 00768nam a22002057a 4500
005 - DATE AND TIME OF LATEST TRANSACTION
control field 20170613162644.0
010 ## - LCCN (DPL NO)
LC control number 1516EN07
020 ## - INTERNATIONAL STANDARD BOOK NUMBER
International Standard Book Number 9780143426837
Terms of availability 599.00
035 ## - SYSTEM CONTROL NUMBER
System control number B-670029
037 ## - SOURCE OF ACQUISITION
Stock number DPL
Source of stock number/acquisition Pansy
082 ## - DEWEY DECIMAL CLASSIFICATION NUMBER
Classification number N
100 ## - MAIN ENTRY--PERSONAL NAME
Personal name Jaffrelot, Christophe
245 ## - TITLE STATEMENT
Title The Pakistani paradox:
Statement of responsibility, etc by Christophe Jaffrelot
Remainder of title instability and resilience /
260 ## - PUBLICATION, DISTRIBUTION, ETC. (IMPRINT)
Place of publication, distribution, etc Gurgaon
Name of publisher, distributor, etc Pengun Books
Date of publication, distribution, etc 2016
270 ## - ADDRESS
Address 7th Floor, Infinity Tower C, DLF Cyber City,
City Gurgaon
Postal code 122002
300 ## - PHYSICAL DESCRIPTION
Extent xii,676p.:
Dimensions 23cm(pbk)
Other physical details ill.
500 ## - GENERAL NOTE
General note Includes index
942 ## - ADDED ENTRY ELEMENTS (KOHA)
Source of classification or shelving scheme Dewey Decimal Classification
Item type English Books
Classification part N
Call number suffix JAF
Holdings
Withdrawn status Lost status Not for loan Collection code Home library Current library Date acquired Source of acquisition Cost, normal purchase price Full call number Barcode Copy number Cost, replacement price Koha item type
      Fiction Ashok Vihar Ashok Vihar 13/06/2017 BPPD/EN/2015-16/AV/16-17/397/15.02.2017/1644/27.02.2017/27.03.2017 599.00 N JAF B-670029 1 599.00 English Books

© Delhi Public Library
Hit Counter
free hit counter